1443 1091 1489 1290 1283 1442 1809 1667 1637 1038 1070 1336 1179 1168 1840 1990 1608 1266 1511 1768 1301 1876 1006 1396 1499 1327 1086 1494 1880 1594 1963 1001 1665 1668 1826 1971 1645 1236 1388 1294 1067 1455 1284 1418 1611 1883 1596 1144 1152 1437 1248 1104 1254 1545 1974 1528 1460 1193 1933 1908 1625 1117 1674 1482 1075 1805 1327 1217 1250 1222 1601 1264 1735 1807 1069 1210 1504 1915 1590 1005 1315 1989 1719 1223 1968 1192 1197 1631 1915 1599 1151 1678 1136 1835 1990 1390 1650 1949 1584 BCNSPRNW ULIB Ver.6.0+V

เปลี่ยนเป็นภาษาไทย

Change to English
 แสดงรายละเอียดบรรณานุกรม
  กลับหน้าหลัก

Brief Record : Get Marc (ISO 2709) : E-mail record : QR code < ปิดหน้าต่าง
LEADER : 00000nam 2200000uu 4500
001    13399126194
003     ULIB
008    180716s2009||||th 000 0 tha d
020    ^a9780521677028
050 00 ^aPE1128^bC172^cV.5
245 10 ^aCambridge practice tests for IELTS 5
260    ^aCambridge :^bCambridge University Press,^c2009
300    ^a176 p.:^bill. ;^c25 cm.
650 00 ^aInternational English Language Testing System.
650 00 ^aEnglish language^xExaminations, questions, etc.
650 00 ^aEnglish language^xTextbooks for foreign speakers
945    ^p0^l0^i26412
999    ^aกัณชพร จุลอักษร
รายการนี้ยังไม่มีแท็ก
คุณยังไม่ได้ล็อกอิน คุณสามารถมีกิจกรรมร่วมกับเว็บไซต์ได้ แต่ต้องล็อกอินก่อน ::
  ล็อกอิน

รายการสื่อสารสนเทศ

ลำดับที่ ประเภท เลขเรียก/บาร์โค้ด สถานที่ สถานะ
1. วิทยาศาสตร์การแพทย์ และสุขภาพ
วิทยาศาสตร์การแพทย์ และสุขภาพ
PE1128 C172 V.5 ฉ.1 
  Barcode: 26412
ห้องสมุดวิทยาเขตนครสวรรค์
►หนังสือทั่วไป:l:General Books
บนชั้น

รายการใกล้เคียง
    ชื่อเรื่อง [Cambridge practice tests for IELTS 5]

    หัวเรื่อง [International English Language Testing System.]

BibComment


ยังไม่เคยถูกคอมเมนท์

คอมเมนท์ทรัพยากรรายการนี้
  คอมเมนท์: Cambridge practi..


 Copyright 2026. Bcnsprnw @Library